SELECTED papers on recent bamboo research in China

Bibliographic Details
Other Authors: Rao, Zhang, Zhu
Format: Book
Published: China : Bamboo Information Centre , 1991
Subjects:

MARC

LEADER 00000cam a2200000 7i4500
001 0000000361
005 20000804.0
020 0 0 |a 9810026188 
090 0 0 |a 633.580951   |b SEL 1991 
245 0 0 |a SELECTED papers on recent bamboo research in China   |c editors, A N. Rao, X. P. Zhang, S. L. Zhu 
260 0 0 |a China :   |b Bamboo Information Centre ,   |c 1991 
300 |a 266 p. :   |b ill. ;   |c 26 cm. 
500 0 0 |a Bibliography: [p. 266] 
650 0 0 |a Bamboo   |z China 
700 0 1 |a Rao   |h A. N. 
700 0 1 |a Zhang   |h X. P. 
700 0 1 |a Zhu   |h S. L. 
999 |a 0000001591   |b Monograph   |c Open Shelf   |e Default branch